00382 2200157 4500245004000000020002200040250001100062700001900073100002000092005001900112260003700131041001400168084000800182300002500190336000900215 aGadah JerukcGaarder, JosteinhText a978-979-433-623-6 aCet. 1 aYuliani Liputo aGaarder Jostein a20230127135931 aBandungbMizan Media Utamac2011 aIndonesia a813 a252 hlm. :c20,5 cm. atext